[Event "MCR senioru 2019 nad 60 let"]
[Site "Pelclovo divadlo, Rychnov n. K."]
[Date "2019.08.17"]
[Round "8"]
[White "Bartos, Alois"]
[Black "Sobotnik, Petr"]
[Result "1-0"]
[WhiteElo "1953"]
[BlackElo "1888"]
[EventDate "2019.08.10"]
[PlyCount "73"]

1. e4 c6 2. d4 d5 3. exd5 cxd5 4. c4 Nf6 5. Nc3 Nc6 6. Nf3 g6 7. cxd5 Nxd5 8.
Qb3 Nxc3 9. bxc3 e6 10. Bd3 Bg7 11. O-O O-O 12. Bg5 Qc7 13. Rac1 Bd7 14. Rfe1
Rac8 15. Qc2 Rfe8 16. h4 Qd6 17. Qd2 e5 18. Be4 exd4 19. cxd4 f5 20. Bf4 Qf8
21. Bd5+ Kh8 22. Rxe8 Rxe8 23. Ng5 h6 24. Bd6 Qf6 25. Be5 Nxe5 26. dxe5 Qb6 27.
e6 Bc6 28. Nf7+ Kh7 29. Nd6 Rd8 30. Bxc6 Bf8 31. Qe2 Bxd6 32. e7 bxc6 33.
exd8=Q Qxd8 34. Qc4 Be5 35. Qf7+ Kh8 36. Qxg6 Bf4 37. Re1 1-0

[Event "MCR senioru 2019 nad 60 let"]
[Site "Pelclovo divadlo, Rychnov n. K."]
[Date "2019.08.17"]
[Round "8"]
[White "Juricek, Stanislav"]
[Black "Vlachopulos, Georgis"]
[Result "1-0"]
[WhiteElo "2048"]
[BlackElo "1900"]
[EventDate "2019.08.10"]
[PlyCount "109"]

1. e4 c5 2. f4 d6 3. Nf3 Bg4 4. h3 Bxf3 5. Bb5+ Nc6 6. Bxc6+ bxc6 7. Qxf3 e6 8.
O-O Rb8 9. b3 d5 10. Bb2 f6 11. d3 Rb7 12. Bc3 Nh6 13. Nd2 Kf7 14. Qe2 g6 15.
Rae1 Re7 16. Kh1 Bg7 17. Qf2 d4 18. Bb2 Rd7 19. Nc4 Re8 20. g4 Kg8 21. Kg2 Nf7
22. Re2 Bf8 23. Bc1 Bg7 24. a4 Qe7 25. Ba3 Bf8 26. Qg3 Qd8 27. Bc1 Nd6 28. Nxd6
Rxd6 29. f5 exf5 30. gxf5 g5 31. h4 h6 32. hxg5 hxg5 33. e5 Bg7 34. e6 Rd5 35.
Qg4 Qd6 36. Kg1 Qe7 37. Kf2 Qc7 38. Kg2 Re5 39. Rh1 Rxe2+ 40. Qxe2 Qd6 41. Qh5
Re7 42. Rf1 Qe5 43. Qf3 Bf8 44. Rh1 Bg7 45. Kf2 Rc7 46. Ba3 Rb7 47. Kg2 Qd6 48.
Kf2 Re7 49. Qg3 Qd5 50. Qb8+ Bf8 51. Rh8+ Kxh8 52. Qxf8+ Kh7 53. Qxe7+ Kh6 54.
Qxf6+ Kh5 55. Bc1 1-0

[Event "MCR senioru 2019 nad 60 let"]
[Site "Pelclovo divadlo, Rychnov n. K."]
[Date "2019.08.17"]
[Round "8"]
[White "Novotny, Jaroslav"]
[Black "Mares, Petr"]
[Result "0-1"]
[WhiteElo "1965"]
[BlackElo "1888"]
[EventDate "2019.08.10"]
[PlyCount "68"]

1. c4 g6 2. d4 Bg7 3. Nc3 d6 4. e4 Nc6 5. Be3 e5 6. Nge2 exd4 7. Nxd4 Nxd4 8.
Bxd4 Nf6 9. Be2 O-O 10. O-O Re8 11. f3 Bd7 12. Qd2 Qe7 13. Rfd1 Bc6 14. Bf1 a5
15. a4 b6 16. b3 Nd7 17. Bxg7 Kxg7 18. Nd5 Bxd5 19. cxd5 Nc5 20. Bb5 Rf8 21.
Qc3+ Qf6 22. Qe3 Qe5 23. Re1 f6 24. f4 Qe7 25. Re2 Rf7 26. Rae1 Raf8 27. Qg3 h6
28. h4 h5 29. Kh2 g5 30. fxg5 fxg5 31. e5 g4 32. Qc3 Qxh4+ 33. Kg1 g3 34. e6+
Rf6 0-1

[Event "MCR senioru 2019 nad 60 let"]
[Site "Pelclovo divadlo, Rychnov n. K."]
[Date "2019.08.17"]
[Round "8"]
[White "Pavlis, Jaromir"]
[Black "Jindrasek, Mojmir"]
[Result "1/2-1/2"]
[WhiteElo "1907"]
[BlackElo "1785"]
[EventDate "2019.08.10"]
[PlyCount "29"]

1. Nf3 Nf6 2. d4 d5 3. Bf4 c6 4. c3 Bf5 5. e3 Nbd7 6. Bd3 Bxd3 7. Qxd3 e6 8.
Nbd2 Qb6 9. O-O Be7 10. b3 c5 11. Ne5 O-O 12. h3 Rad8 13. Bg5 Rfe8 14. Nxd7
Nxd7 15. Bxe7 1/2-1/2

[Event "MCR senioru 2019 nad 60 let"]
[Site "Pelclovo divadlo, Rychnov n. K."]
[Date "2019.08.17"]
[Round "8"]
[White "Vagner, Ladislav"]
[Black "Tsapanidis, Vasilis"]
[Result "1/2-1/2"]
[WhiteElo "1951"]
[BlackElo "1788"]
[EventDate "2019.08.10"]
[PlyCount "97"]

1. d4 Nf6 2. Nf3 e6 3. c4 c5 4. e3 Be7 5. Nc3 O-O 6. Qc2 b6 7. Be2 Bb7 8. O-O
d5 9. dxc5 Bxc5 10. Rd1 Qc7 11. cxd5 Nxd5 12. Nb5 Qc8 13. Bd3 h6 14. Qe2 Nd7
15. e4 Nc7 16. Bf4 Nxb5 17. Bxb5 Bc6 18. Bd3 Nf6 19. Rac1 Qe8 20. Ne5 Bb7 21.
a3 Qe7 22. b4 Bd6 23. Bb1 Rfd8 24. Bg3 Bxe5 25. Bxe5 Rxd1+ 26. Rxd1 Rd8 27. Rc1
Rc8 28. Re1 Nd7 29. Bb2 e5 30. h3 Nf8 31. Kh2 Ng6 32. g3 Rc7 33. h4 Bc8 34. Ba2
Qd7 35. Rh1 Qh3+ 36. Kg1 Qg4 37. Qxg4 Bxg4 38. Kg2 Rc2 39. Rb1 h5 40. Bb3 Re2
41. Bd5 Kf8 42. Bc1 Re1 43. Ba2 Rxe4 44. Be3 Be6 45. Bxe6 fxe6 46. Rc1 Ne7 47.
Rc7 Nd5 48. Rc8+ Kf7 49. Bg5 1/2-1/2

[Event "MCR senioru 2019 nad 60 let"]
[Site "Pelclovo divadlo, Rychnov n. K."]
[Date "2019.08.17"]
[Round "8"]
[White "Marinov, Peter"]
[Black "Papay, Jindrich"]
[Result "1-0"]
[WhiteElo "1815"]
[BlackElo "1943"]
[EventDate "2019.08.10"]
[PlyCount "101"]

1. d4 f5 2. e3 Nf6 3. Bd3 g6 4. c3 d6 5. f4 Bg7 6. Nf3 c6 7. Nbd2 Qc7 8. O-O e5
9. fxe5 Ng4 10. Nc4 dxe5 11. h3 e4 12. hxg4 exd3 13. Qxd3 b5 14. Nce5 O-O 15.
gxf5 gxf5 16. Kf2 Nd7 17. Nxd7 Bxd7 18. Rh1 Rae8 19. Bd2 Re4 20. Rh3 Bf6 21.
Rah1 Rf7 22. Rg3+ Rg7 23. Rhh3 Reg4 24. Ne5 Bxe5 25. dxe5 Qxe5 26. Rxg4 fxg4
27. Rh6 Rf7+ 28. Kg1 Be6 29. e4 Bc4 30. Qd8+ Rf8 31. Qg5+ Qxg5 32. Bxg5 Bxa2
33. Rxc6 Bc4 34. Bf6 Kf7 35. e5 a5 36. Rc7+ Ke6 37. Rxh7 Kf5 38. Kf2 Ke4 39.
Rd7 a4 40. Rd4+ Kf5 41. g3 Ra8 42. Rf4+ Ke6 43. Ke3 a3 44. bxa3 Rxa3 45. Kd4
Bd5 46. Be7 Ra4+ 47. Bb4 Bf3 48. Rf6+ Kd7 49. e6+ Kc7 50. Rf7+ Kc6 51. Rf8 1-0

[Event "MCR senioru 2019 nad 70 a 80 let"]
[Site "Pelclovo divadlo, Rychnov n. K"]
[Date "2019.08.17"]
[Round "8"]
[White "Jacek, Miloslav"]
[Black "Kotva, Milan"]
[Result "1-0"]
[WhiteElo "1941"]
[BlackElo "1862"]
[PlyCount "125"]
[EventDate "2019.08.10"]

1. e4 e5 2. Nf3 Nc6 3. d4 exd4 4. Bc4 Nf6 5. e5 d5 6. Bb5 Ne4 7. Nxd4 Bc5 8.
Be3 Bd7 9. Bxc6 bxc6 10. O-O Qe7 11. f3 Ng5 12. f4 Ne4 13. Nd2 f5 14. Nxe4 fxe4
15. Qd2 Bxd4 16. Qxd4 O-O 17. Bd2 Rf7 18. b4 Qe6 19. a4 h5 20. Ra3 g6 21. Rg3
Kh7 22. Bc3 a6 23. Rg5 Rf5 24. Rxf5 gxf5 25. Re1 Rg8 26. Re3 Rg4 27. Rh3 Kg6
28. Bd2 Qg8 29. Rg3 Bc8 30. Rxg4+ hxg4 31. Qc5 Qe6 32. Qf8 d4 33. Qd8 e3 34.
Be1 Qd5 35. Qxc8 d3 36. cxd3 Qxd3 37. Qe6+ Kg7 38. Qxc6 Qd4 39. Qxc7+ Kg8 40.
Qc8+ Kg7 41. Qc3 Qxf4 42. e6+ Kh7 43. Bg3 Qe4 44. Qc7+ Kg8 45. Qf7+ Kh8 46.
Qf6+ Kh7 47. h3 e2 48. Qh4+ Kg7 49. e7 Qe3+ 50. Kh2 f4 51. Qxg4+ Kf7 52. Be1
Kxe7 53. Qf3 Qe5 54. Qb7+ Ke8 55. Kh1 Qd4 56. Qc8+ Kf7 57. Qxa6 Qd1 58. Qa7+
Ke6 59. Qf2 Kd5 60. Kh2 Ke4 61. b5 Kd3 62. b6 Qxa4 63. Qf3+ 1-0

[Event "MCR senioru 2019 nad 70 a 80 let"]
[Site "Pelclovo divadlo, Rychnov n. K"]
[Date "2019.08.17"]
[Round "8"]
[White "Just, Pavel"]
[Black "Slizek, Josef"]
[Result "1/2-1/2"]
[WhiteElo "1981"]
[BlackElo "1935"]
[PlyCount "39"]
[EventDate "2019.08.10"]

1. e4 c5 2. Nf3 d6 3. c4 Nf6 4. Nc3 e5 5. g3 Nc6 6. d3 Bg4 7. h3 Bd7 8. Bg2 Be7
9. O-O Qc8 10. Kh2 h6 11. Be3 Nd4 12. Bxd4 cxd4 13. Ne2 g5 14. Nd2 h5 15. Rh1
Bf8 16. Kg1 Bh6 17. f3 g4 18. hxg4 hxg4 19. Kf1 Be3 20. f4 1/2-1/2

[Event "MCR senioru 2019 nad 70 a 80 let"]
[Site "Pelclovo divadlo, Rychnov n. K"]
[Date "2019.08.17"]
[Round "8"]
[White "Fiser, Jiri"]
[Black "Vlacil, Vladimir"]
[Result "1-0"]
[WhiteElo "1918"]
[BlackElo "1930"]
[PlyCount "41"]
[EventDate "2019.08.10"]

1. e4 c5 2. Nf3 e6 3. d4 cxd4 4. Nxd4 a6 5. Bd3 Nc6 6. Be3 Qc7 7. O-O Nf6 8. c4
Bd6 9. h3 Ne5 10. b3 Nxd3 11. Qxd3 b6 12. f4 e5 13. Nf5 Bf8 14. fxe5 Qxe5 15.
Nc3 g6 16. Bd4 Bc5 17. Bxc5 bxc5 18. Qd6 Qxd6 19. Nxd6+ Ke7 20. e5 Ne8 21. Nd5+
1-0

[Event "MCR senioru 2019 nad 70 a 80 let"]
[Site "Pelclovo divadlo, Rychnov n. K."]
[Date "2019.08.17"]
[Round "8"]
[White "Trojan, Lubos"]
[Black "Dolezal, Radoslav"]
[Result "1/2-1/2"]
[WhiteElo "1955"]
[BlackElo "1954"]
[EventDate "2019.08.10"]
[PlyCount "90"]

1. d4 d5 2. Nf3 g6 3. g3 Nf6 4. Bg2 Bg7 5. Nbd2 O-O 6. Ne5 Nbd7 7. Ndf3 Ne4 8.
O-O Nd6 9. b3 c6 10. Bb2 f6 11. Nd3 Re8 12. Nd2 e5 13. c4 dxc4 14. bxc4 exd4
15. Bxd4 Nf5 16. Bc3 Ne5 17. Nxe5 fxe5 18. e3 Be6 19. a4 Qc7 20. Rc1 Rad8 21.
c5 b5 22. g4 Ne7 23. h3 Nd5 24. e4 Nf4 25. Qc2 Qe7 26. Ba5 Rd4 27. axb5 cxb5
28. Rb1 Bc4 29. Nxc4 Rxc4 30. Qa2 Qxc5 31. Bb4 Qc7 32. Bd2 Rb8 33. Be3 a5 34.
Rfc1 Nxg2 35. Rxc4 bxc4 36. Rxb8+ Qxb8 37. Qxc4+ Kh8 38. Kxg2 Qe8 39. Bc5 Bf6
40. Bd6 a4 41. Qd5 Kg7 42. g5 Bxg5 43. Bxe5+ Bf6 44. Bd6 Qf7 45. Qa5 Bd4
1/2-1/2

[Event "MCR senioru 2019 nad 70 a 80 let"]
[Site "Pelclovo divadlo, Rychnov n. K."]
[Date "2019.08.17"]
[Round "8"]
[White "Pilar, Miloslav"]
[Black "Volf, Jaroslav"]
[Result "1/2-1/2"]
[WhiteElo "2078"]
[BlackElo "1977"]
[EventDate "2019.08.10"]
[PlyCount "123"]

1. d4 Nf6 2. Nf3 g6 3. c4 Bg7 4. Nc3 d5 5. Bg5 c6 6. e3 O-O 7. Bxf6 Bxf6 8.
cxd5 cxd5 9. Qb3 e6 10. Be2 Qe7 11. O-O b6 12. Rfc1 Ba6 13. Bxa6 Nxa6 14. Qa4
Nc7 15. Rc2 Rfd8 16. Rac1 Ne8 17. Ne5 Bxe5 18. dxe5 a6 19. Ne2 b5 20. Qa5 Qb7
21. Nd4 Kg7 22. g3 Rdc8 23. Rc6 Rxc6 24. Rxc6 Ra7 25. Qb6 Qxb6 26. Rxb6 Nc7 27.
Kf1 a5 28. Nxb5 Nxb5 29. Rxb5 f6 30. exf6+ Kxf6 31. Ke2 Kf5 32. h3 Ke5 33. Kd3
h5 34. f4+ Kd6 35. Rb6+ Ke7 36. e4 dxe4+ 37. Kxe4 a4 38. g4 hxg4 39. hxg4 Ra5
40. g5 Rc5 41. Kd3 Rf5 42. Rb4 a3 43. bxa3 e5 44. fxe5 Rxg5 45. Ke4 Rg2 46. Kd5
Rd2+ 47. Kc6 Rxa2 48. a4 Ke6 49. Re4 Kf5 50. e6 Kxe4 51. e7 Rxa4 52. e8=Q+ Kf5
53. Kd5 Rf4 54. Qe6+ Kg5 55. Ke5 Rf5+ 56. Ke4 Kh5 57. Qe7 Kg4 58. Qh7 Rf4+ 59.
Ke3 g5 60. Qh2 Rf3+ 61. Ke4 Rf4+ 62. Ke3 1/2-1/2

[Event "MCR senioru 2019 nad 70 a 80 let"]
[Site "Pelclovo divadlo, Rychnov n. K."]
[Date "2019.08.17"]
[Round "8"]
[White "Holecek, Vladimir"]
[Black "Jablecnik, Gustav"]
[Result "1/2-1/2"]
[WhiteElo "1898"]
[BlackElo "2006"]
[EventDate "2019.08.10"]
[PlyCount "65"]

1. d4 d6 2. e4 e5 3. Nf3 Nd7 4. Be3 Ngf6 5. Nbd2 c6 6. c3 Be7 7. Be2 Ng4 8. a4
Nxe3 9. fxe3 O-O 10. O-O Qc7 11. Bd3 a5 12. Qe2 Nb6 13. Nc4 Bf6 14. Kh1 Nxc4
15. Bxc4 Qe7 16. d5 c5 17. Bb5 g6 18. Nd2 Bg7 19. Bd3 Bh6 20. Nc4 Qc7 21. Qc2
b6 22. Rf6 Rd8 23. Raf1 Rd7 24. Qf2 Bg7 25. Rxd6 Rxd6 26. Nxd6 f6 27. Ne8 Qe7
28. Nxg7 Kxg7 29. b3 Bb7 30. c4 Rf8 31. h3 Bc8 32. g4 g5 33. Kh2 1/2-1/2

[Event "MCR senioru 2019 nad 70 a 80 let"]
[Site "Pelclovo divadlo, Rychnov n. K."]
[Date "2019.08.17"]
[Round "8"]
[White "Rucka, Alois"]
[Black "Kohout, Jan"]
[Result "1/2-1/2"]
[WhiteElo "1941"]
[BlackElo "1880"]
[EventDate "2019.08.10"]
[PlyCount "20"]

1. d4 Nf6 2. c4 e6 3. Nf3 d5 4. Nc3 Nbd7 5. cxd5 exd5 6. Bg5 Be7 7. e3 h6 8.
Bh4 c6 9. Bd3 O-O 10. O-O Ne4 1/2-1/2

[Event "MCR senioru 2019 nad 70 a 80 let"]
[Site "Pelclovo divadlo, Rychnov n. K."]
[Date "2019.08.17"]
[Round "8"]
[White "Pokorny, Jan"]
[Black "Pavlicek, Petr"]
[Result "1/2-1/2"]
[WhiteElo "1874"]
[BlackElo "1829"]
[EventDate "2019.08.10"]
[PlyCount "45"]

1. d4 d5 2. b3 Nf6 3. Bb2 e6 4. Nf3 b6 5. e3 Be7 6. Bd3 Ba6 7. O-O Bxd3 8. Qxd3
O-O 9. Nbd2 Nbd7 10. c4 c6 11. Rac1 Rc8 12. Rc2 Re8 13. Rfc1 dxc4 14. Qxc4 Nd5
15. a3 Bf8 16. e4 Ne7 17. e5 c5 18. Ne4 cxd4 19. Qxd4 Rxc2 20. Rxc2 Nd5 21. g3
Qb8 22. b4 Rc8 23. Re2 1/2-1/2

[Event "MCR senioru 2019 nad 70 a 80 let"]
[Site "Pelclovo divadlo, Rychnov n. K."]
[Date "2019.08.17"]
[Round "8"]
[White "Vesely, Emanuel"]
[Black "Papan, Cyril"]
[Result "0-1"]
[WhiteElo "1732"]
[BlackElo "1932"]
[EventDate "2019.08.10"]
[PlyCount "64"]

1. Nf3 d5 2. b3 Nf6 3. g3 c6 4. Bg2 Bf5 5. O-O e6 6. Bb2 Nbd7 7. d3 Be7 8. Nbd2
a5 9. a4 O-O 10. Nh4 Bg6 11. Nxg6 hxg6 12. e4 Qc7 13. Qe2 Rfe8 14. d4 dxe4 15.
Nxe4 Nxe4 16. Bxe4 Bf6 17. c3 c5 18. Qf3 Rab8 19. Rfd1 Qb6 20. Bc2 cxd4 21.
cxd4 Rbc8 22. Be4 Rc7 23. Rd2 Rec8 24. Qd1 Nb8 25. d5 Bxb2 26. Rxb2 Rd7 27. Qf3
exd5 28. Bxd5 Qd4 29. Rab1 Qxd5 30. Qe2 Qf5 31. Re1 Nc6 32. Qc4 Rcd8 0-1

[Event "MCR senioru 2019 nad 70 a 80 let"]
[Site "Pelclovo divadlo, Rychnov n. K."]
[Date "2019.08.17"]
[Round "8"]
[White "Vlasak, Ladislav"]
[Black "Laska, Zdenek"]
[Result "1-0"]
[WhiteElo "1739"]
[BlackElo "1840"]
[EventDate "2019.08.10"]
[PlyCount "67"]

1. e4 c5 2. Nc3 Nc6 3. g3 g6 4. Bg2 Bg7 5. d3 d6 6. Be3 e6 7. Qd2 Nge7 8. Bh6
O-O 9. h4 f6 10. Bxg7 Kxg7 11. h5 g5 12. h6+ Kh8 13. f4 g4 14. O-O-O Nd4 15.
Nge2 Nxe2+ 16. Qxe2 f5 17. d4 Bd7 18. dxc5 dxc5 19. exf5 Nxf5 20. Qe5+ Kg8 21.
Rh5 Qe7 22. Rg5+ Kf7 23. Ne4 Rg8 24. Kb1 Rad8 25. Rxg8 Kxg8 26. Nf6+ Kf7 27.
Nxh7 Nxh6 28. Ng5+ Kg8 29. Bxb7 Bc8 30. Bd5 Nf7 31. Nxf7 Kxf7 32. Qh5+ Kf8 33.
Qh8+ Kf7 34. Bxe6+ 1-0

[Event "MCR senioru 2019 nad 50 let"]
[Site "Pelclovo divadlo, Rychnov n. K."]
[Date "2019.08.18"]
[Round "9"]
[White "Vorel, Bohuslav"]
[Black "Pelikan, Jaromir"]
[Result "1/2-1/2"]
[WhiteElo "1491"]
[BlackElo "1760"]
[EventDate "2019.08.10"]
[PlyCount "59"]

1. e4 c6 2. d4 d5 3. exd5 cxd5 4. Nf3 Nf6 5. c3 Nc6 6. Bf4 Bf5 7. Bd3 Bxd3 8.
Qxd3 e6 9. O-O Bd6 10. Bxd6 Qxd6 11. Nbd2 O-O 12. Rfe1 Rac8 13. Rac1 Rfe8 14.
Ne5 Nd7 15. Nxc6 Rxc6 16. Re3 h6 17. Nf3 a6 18. Rce1 h5 19. a3 Qf4 20. Ne5 Nxe5
21. Rxe5 Rd6 22. R5e3 Rd7 23. Rf3 Qc7 24. Rg3 Rde7 25. Qd2 f6 26. Rge3 Qc4 27.
h3 Kf7 28. R1e2 Rb8 29. Qe1 Rbe8 30. Qd2 1/2-1/2

[Event "MCR senioru 2019 nad 50 let"]
[Site "Pelclovo divadlo, Rychnov n. K."]
[Date "2019.08.18"]
[Round "9"]
[White "Langr, Petr"]
[Black "Pribyl, Rene"]
[Result "0-1"]
[WhiteElo "1533"]
[BlackElo "1991"]
[EventDate "2019.08.10"]
[PlyCount "40"]

1. d4 d5 2. Bf4 Nf6 3. e3 Bf5 4. Nf3 e6 5. c3 Nbd7 6. Bd3 Bxd3 7. Qxd3 c5 8.
Nbd2 Be7 9. h3 O-O 10. O-O a6 11. e4 cxd4 12. cxd4 dxe4 13. Nxe4 Nd5 14. Be3
Qa5 15. a3 Rac8 16. Nfg5 Nxe3 17. fxe3 Bxg5 18. b4 Qd8 19. Rf3 Be7 20. Raf1 Ne5
0-1

[Event "MCR senioru 2019 nad 50 let"]
[Site "Pelclovo divadlo, Rychnov n. K."]
[Date "2019.08.18"]
[Round "9"]
[White "Blazek, Tomas"]
[Black "Gabriel, Jan"]
[Result "0-1"]
[WhiteElo "1910"]
[BlackElo "1910"]
[EventDate "2019.08.10"]
[PlyCount "56"]

1. b4 b6 2. Nc3 e5 3. e3 Bxb4 4. Nd5 Bd6 5. Bc4 c6 6. Qf3 Nf6 7. Nc3 O-O 8. Bb2
Qe7 9. Ne4 Nxe4 10. Qxe4 Bc7 11. Bb3 Bb7 12. Nf3 d5 13. Qf5 Bc8 14. Qh5 Nd7 15.
O-O-O a5 16. c4 Nf6 17. Qg5 h6 18. Qh4 Bf5 19. d4 Qb4 20. g4 Nxg4 21. Rdg1 Bd8
22. Qh5 a4 23. Qxf5 axb3 24. Rxg4 bxa2 25. Ba1 e4 26. Nd2 Ra3 27. Rxg7+ Kxg7
28. Rg1+ Kh8 {cas} 0-1

[Event "MCR senioru 2019 nad 50 let"]
[Site "Pelclovo divadlo, Rychnov n. K."]
[Date "2019.08.18"]
[Round "9"]
[White "Kalousek, Vladimir"]
[Black "Spinler, Bronislav"]
[Result "1-0"]
[WhiteElo "1979"]
[BlackElo "1451"]
[EventDate "2019.08.10"]
[PlyCount "55"]

1. d4 c6 2. c4 d5 3. cxd5 cxd5 4. Nf3 Nc6 5. Bf4 e6 6. Nc3 a6 7. e3 Bd6 8. Bg3
Nge7 9. Bd3 b5 10. O-O Bxg3 11. hxg3 Ng6 12. e4 O-O 13. exd5 exd5 14. Re1 Bg4
15. Bxg6 fxg6 16. Re3 b4 17. Ne2 Qf6 18. Qb3 Rad8 19. Rd1 Qd6 20. Ne5 Na5 21.
Qa4 Bxe2 22. Rxe2 Nc4 23. Qc6 Rde8 24. Qxd6 Nxd6 25. Rc2 Ne4 26. g4 Rc8 27.
Rdc1 Nxf2 28. Rxc8 1-0

[Event "MCR senioru 2019 nad 50 let"]
[Site "Pelclovo divadlo, Rychnov n. K."]
[Date "2019.08.18"]
[Round "9"]
[White "Vorackova, Jarmila"]
[Black "Lorencova, Jitka"]
[Result "1-0"]
[WhiteElo "1832"]
[BlackElo "1368"]
[EventDate "2019.08.10"]
[PlyCount "53"]

1. d4 Nf6 2. c4 d6 3. Nc3 g6 4. e4 Nbd7 5. f4 c5 6. d5 a5 7. Nf3 Nb6 8. Bd3 Bg7
9. O-O Nfd7 10. Qe2 Bd4+ 11. Nxd4 cxd4 12. Nb5 Nc5 13. Nxd4 Nxd3 14. Qxd3 Qc7
15. b3 Nd7 16. Kh1 Nc5 17. Qf3 Bd7 18. Bb2 Rg8 19. e5 O-O-O 20. Bc3 Qb6 21.
exd6 exd6 22. f5 Rdf8 23. Rae1 Qd8 24. a3 b6 25. b4 Nb7 26. Nc6 Qg5 27. Ne7+
1-0

[Event "MCR senioru 2019 nad 50 let"]
[Site "Pelclovo divadlo, Rychnov n. K"]
[Date "2019.08.18"]
[Round "9"]
[White "Kolibik, Jan"]
[Black "Portes, Pavel"]
[Result "1/2-1/2"]
[WhiteElo "1565"]
[BlackElo "1612"]
[PlyCount "48"]
[EventDate "2019.08.10"]

1. c4 e5 2. g3 Nf6 3. Bg2 d5 4. cxd5 Nxd5 5. d3 Nc6 6. Nf3 Be7 7. O-O O-O 8.
Bd2 Be6 9. Nc3 Qd7 10. Qc1 Rad8 11. Rd1 Bf6 12. Ne4 Be7 13. Nc5 Bxc5 14. Qxc5
f6 15. b3 b6 16. Qb5 Nce7 17. Qxd7 Rxd7 18. Ne1 c5 19. Nc2 Rc8 20. Na3 Nc7 21.
Nc4 Bd5 22. Bh3 Be6 23. Bg2 Bd5 24. Bh3 Be6 1/2-1/2

[Event "MCR senioru 2019 nad 60 let"]
[Site "Pelclovo divadlo, Rychnov n. K"]
[Date "2019.08.18"]
[Round "9"]
[White "Mlynek, Petr"]
[Black "Bartos, Alois"]
[Result "1/2-1/2"]
[WhiteElo "2094"]
[BlackElo "1953"]
[PlyCount "28"]
[EventDate "2019.08.10"]

1. d4 Nf6 2. c4 e6 3. g3 c5 4. Nf3 cxd4 5. Nxd4 d5 6. Bg2 e5 7. Nf3 d4 8. O-O
Nc6 9. e3 Bc5 10. exd4 exd4 11. Re1+ Be6 12. Ng5 O-O 13. Nxe6 fxe6 14. Nd2 Qd6
1/2-1/2

[Event "MCR senioru 2019 nad 60 let"]
[Site "Pelclovo divadlo, Rychnov n. K"]
[Date "2019.08.18"]
[Round "9"]
[White "Urban, Zdenek"]
[Black "Horak, Vladimir"]
[Result "1-0"]
[WhiteElo "2115"]
[BlackElo "1954"]
[PlyCount "53"]
[EventDate "2019.08.10"]

1. c4 c5 2. Nc3 Nf6 3. g3 Nc6 4. Bg2 e6 5. Nf3 d5 6. cxd5 exd5 7. d4 c4 8. O-O
Bb4 9. Bg5 Bxc3 10. bxc3 O-O 11. Ne5 h6 12. Nxc6 bxc6 13. Bf4 Qa5 14. Qc2 Re8
15. f3 g5 16. Bd6 Qd8 17. Ba3 Qa5 18. Bb4 Qc7 19. e4 g4 20. e5 gxf3 21. Bxf3
Ne4 22. Bxe4 dxe4 23. Rf6 Qd7 24. Raf1 Re6 25. Qxe4 Rxf6 26. Rxf6 Qg4 27. Qxc6
1-0

[Event "MCR senioru 2019 nad 60 let"]
[Site "Pelclovo divadlo, Rychnov n. K"]
[Date "2019.08.18"]
[Round "9"]
[White "Mares, Petr"]
[Black "Marek, Jiri"]
[Result "1/2-1/2"]
[WhiteElo "1888"]
[BlackElo "1920"]
[PlyCount "84"]
[EventDate "2019.08.10"]

1. Nf3 d5 2. g3 c5 3. d3 Nc6 4. Bg2 g6 5. O-O Bg7 6. Nbd2 e5 7. e4 d4 8. a4 Be6
9. Nc4 Nge7 10. Ne1 O-O 11. f4 Qd7 12. Nf3 f6 13. Rf2 Rad8 14. Bd2 b6 15. b3 h6
16. fxe5 fxe5 17. Qe2 Bg4 18. Raf1 Nc8 19. Qe1 Qe7 20. h3 Be6 21. Nh4 Kh7 22.
Qc1 a6 23. Kh2 b5 24. Na5 Qc7 25. Nxc6 Qxc6 26. axb5 axb5 27. Rxf8 Rxf8 28.
Rxf8 Bxf8 29. c4 dxc3 30. Qxc3 Qd6 31. Be3 b4 32. Qc2 Na7 33. Bf3 Nb5 34. Bd1
Nc3 35. Nf3 Nxd1 36. Qxd1 c4 37. bxc4 Bxc4 38. Nxe5 Qxe5 39. dxc4 Qxe4 40. Qb3
Qf3 41. Qd3 Bd6 42. Qxd6 Qxe3 1/2-1/2

[Event "MCR senioru 2019 nad 60 let"]
[Site "Pelclovo divadlo, Rychnov n. K"]
[Date "2019.08.18"]
[Round "9"]
[White "Sobotnik, Petr"]
[Black "Pavlis, Jaromir"]
[Result "1-0"]
[WhiteElo "1888"]
[BlackElo "1907"]
[PlyCount "77"]
[EventDate "2019.08.10"]

1. Nf3 d5 2. g3 c6 3. Bg2 Nf6 4. O-O g6 5. d3 Bg7 6. Nbd2 O-O 7. Re1 Nbd7 8. e4
dxe4 9. dxe4 Nb6 10. Qe2 Bg4 11. h3 Be6 12. a4 h6 13. a5 Nc8 14. Ra3 Nd7 15.
Rd1 Qc7 16. Nc4 Bxc4 17. Qxc4 Ne5 18. Nxe5 Qxe5 19. f4 Nd6 20. Qd3 Qc5+ 21. Kh2
Nc4 22. Ra4 Nxb2 23. Bxb2 Bxb2 24. Qb3 Bg7 25. e5 Rad8 26. Rxd8 Rxd8 27. Qxb7
Qxc2 28. Qxc6 Qxc6 29. Bxc6 Rd2+ 30. Kh1 e6 31. Rb4 Rc2 32. Ba4 Rc7 33. a6 Bf8
34. Rb7 Rc1+ 35. Kg2 Bc5 36. Be8 Bb6 37. Bxf7+ Kg7 38. Bxe6+ Rc7 39. Kf3 1-0

[Event "MCR senioru 2019 nad 60 let"]
[Site "Pelclovo divadlo, Rychnov n. K."]
[Date "2019.08.18"]
[Round "9"]
[White "Humlicek, Vojtech"]
[Black "Marinov, Peter"]
[Result "0-1"]
[WhiteElo "1890"]
[BlackElo "1815"]
[EventDate "2019.08.10"]
[PlyCount "80"]

1. e4 e6 2. d4 d6 3. Nf3 Nd7 4. Bd3 Be7 5. O-O h6 6. Re1 Bg5 7. Nbd2 Ne7 8. Nf1
Ng6 9. c3 Nf4 10. Bc2 b6 11. h4 Bb7 12. hxg5 hxg5 13. N3h2 Qf6 14. Qg4 Rh4 15.
Qf3 Qh6 16. Bxf4 gxf4 17. g3 fxg3 18. fxg3 Qg5 19. Qg2 Rh6 20. c4 O-O-O 21. d5
Rdh8 22. Nf3 Qf6 23. Re3 Rh1+ 24. Qxh1 Rxh1+ 25. Kxh1 Qxb2 26. Rae1 Qxc2 27.
N1d2 Ne5 28. Nxe5 dxe5 29. Nf3 f6 30. dxe6 Qxc4 31. R1e2 Qxe6 32. Rh2 Bc6 33.
Nh4 f5 34. Rf2 g6 35. Kh2 Bxe4 36. g4 Qf6 37. Ng2 Qh8+ 38. Kg1 Qh6 39. Rfe2 Qg5
40. Kf2 Qxg4 0-1

[Event "MCR senioru 2019 nad 60 let"]
[Site "Pelclovo divadlo, Rychnov n. K."]
[Date "2019.08.18"]
[Round "9"]
[White "Lepik, Jaroslav"]
[Black "Zitek, Jiri"]
[Result "1/2-1/2"]
[WhiteElo "1794"]
[BlackElo "1609"]
[EventDate "2019.08.10"]
[PlyCount "47"]

1. c4 d6 2. Nc3 c6 3. g3 Nf6 4. Bg2 Qa5 5. e4 g6 6. Nf3 Bg7 7. O-O Nbd7 8. d4
O-O 9. a3 Rb8 10. Bd2 Qd8 11. b4 Nb6 12. Qb3 Be6 13. d5 cxd5 14. cxd5 Bg4 15.
Rac1 Rc8 16. h3 Bd7 17. Be3 Nc4 18. Bd4 b5 19. Rfe1 Bh6 20. Rc2 e5 21. Be3 Bxe3
22. fxe3 Qb6 23. Kf2 Nh5 24. Bf1 1/2-1/2

[Event "MCR senioru 2019 nad 60 let"]
[Site "Pelclovo divadlo, Rychnov n. K"]
[Date "2019.08.18"]
[Round "9"]
[White "Jindrasek, Mojmir"]
[Black "Novotny, Jaroslav"]
[Result "0-1"]
[WhiteElo "1785"]
[BlackElo "1965"]
[PlyCount "118"]
[EventDate "2019.08.10"]

1. d4 d5 2. Nf3 Nf6 3. g3 e6 4. Bg2 c5 5. c3 Nc6 6. O-O Be7 7. Re1 O-O 8. Nbd2
cxd4 9. cxd4 Bd7 10. Nb3 Ne4 11. a3 Qb6 12. e3 Rac8 13. Bd2 a5 14. Rb1 a4 15.
Nc1 Bxa3 16. Qxa4 Bd6 17. Qb3 Qc7 18. Nd3 Nxd2 19. Nxd2 Na5 20. Qd1 Qb6 21. b4
Nc4 22. Nc5 Bb5 23. Bf1 Nxd2 24. Qxd2 Rc7 25. Bd3 Rfc8 26. Qe2 Bxd3 27. Qxd3 g6
28. Rb3 Ra8 29. Reb1 Qc6 30. Ra3 Rxa3 31. Qxa3 b6 32. Nd3 Qb5 33. Qb3 Rc4 34.
Kg2 Kg7 35. Qa3 h5 36. h4 Qc6 37. Rb3 Rc2 38. Rb2 Rc3 39. Rb3 Rxb3 40. Qxb3 Qc4
41. Qb1 Qc3 42. b5 f6 43. Qf1 Qc2 44. Ne1 Qb1 45. Qe2 Bb4 46. Nf3 Ba5 47. Qf1
Qb2 48. Qd3 Kh6 49. e4 Qc3 50. Qxc3 Bxc3 51. exd5 exd5 52. Kf1 g5 53. Ke2 g4
54. Kd3 gxf3 55. Kxc3 Kg6 56. Kd3 Kf5 57. Ke3 Kg4 58. Kd3 Kh3 59. Kd2 f5 0-1